Statistics for Capital Cities: closest together/furthest apart by Continent pairs

Click here to take the quiz!

General Stats

  • This quiz has been taken 108 times
  • The average score is 93 of 144

Answer Stats

ANSWER% Correct
Ottawa
90%
Moscow
86%
Reykjavik
83%
Rome
82%
Mexico City
81%
Buenos Aires
79%
Santiago
79%
Cairo
76%
Caracas
76%
Brasilia
75%
Lisbon
75%
Panama
75%
Wellington
75%
Montevideo
74%
Ankara
72%
Canberra
72%
Jerusalem
72%
Athens
71%
Quito
71%
Vatican City
71%
Manila
68%
Jakarta
67%
Tripoli
67%
Amman
65%
Nicosia
65%
Georgetown
63%
Madrid
63%
Paramaribo
60%
Praia
60%
Valletta
58%
Asuncion
57%
Kinshasa
57%
Brazzaville
56%
Taipei
56%
Port Louis
54%
Dili
51%
Victoria
50%
Apia
49%
Bucharest
49%
Port-of-Spain
49%
Bridgetown
46%
Funafuti
46%
Melekeok
44%
Tarawa
44%
Majuro
43%
Nuku'alofa
43%
Kingstown
42%
Castries
40%
Lome
26%

Score Distribution

Percentile by Number Answered

Percent of People with Each Score

Your Score History

You have not taken this quiz